000 00581nam a2200181Ia 4500
008 100921s9999 xx 000 0 und d
082 _b25644
_a891.463 थ 93
100 _aप्रभावळकर दिलिप.
245 _aहसगत.
260 _bविश्वमोहिनी प्रकाशन,पुणे.
_c1993
300 _a221
_bरसिक साहित्य,पुणे
365 _b120
520 _aललित-कथा.
630 _aहसगत.
650 _aललित-कथा.
730 _aहसगत.
942 _cBOOK
999 _c774757
_d774754